Advanced engineering mathematics /

Guardado en:
Autor Principal: Greenberg, Michael D., 1935-
Formato: Libro
Idioma:English
Publicado: Upper Saddle River, N.J. : Prentice Hall, c1998.
Edición:2nd ed.
Materias:
Etiquetas: Agregar Etiqueta
Sin Etiquetas, Sea el primero en etiquetar este registro!
LEADER 00670pam a2200205 a 4500
001 MAT.inmabb004451
008 971103s1998####flua#####b####001#0#eng##
005 20160216173331.0
245 1 0 |a Advanced engineering mathematics /  |c Michael D. Greenberg. 
250 |a 2nd ed. 
260 |a Upper Saddle River, N.J. :  |b Prentice Hall,  |c c1998. 
300 |a xix, 1324 p. :  |b il. ;  |c 26 cm. 
504 |a Incluye referencias bibliográficas e índice. 
020 |a 0133214311 
100 1 |a Greenberg, Michael D.,  |d 1935- 
650 0 |a Engineering mathematics. 
084 |a 00A06  |2 msc2000 
010 |a  97043585  
040 |a DLC  |c DLC  |d DLC 
859 |h 00A06  |i G798-2  |p A-8441  |b BIB. MATEMATICA